1853 1543 1458 1852 1018 1597 1789 1276 1257 1676 1274 1631 1526 1501 1342 1233 1401 1044 1923 1899 1612 1663 1171 1578 1605 1050 1442 1589 1807 1674 1016 1344 1685 1277 1283 1548 1672 1296 1149 1272 1127 1634 1004 1538 1313 1961 1120 1747 1693 1411 1199 1872 1169 1715 1041 1073 1310 1740 1931 1126 1490 1572 1391 1414 1343 1059 1785 1414 1098 1272 1116 1309 1053 1742 1326 1227 1954 1426 1118 1428 1665 1003 1417 1403 1546 1656 1021 1089 1012 1059 1698 1154 1085 1997 1420 1665 1912 1535 1086 BCNSPRNW ULIB Ver.6.0+V

เปลี่ยนเป็นภาษาไทย

Change to English
 แสดงรายละเอียดบรรณานุกรม
  กลับหน้าหลัก

Brief Record : Get Marc (ISO 2709) : E-mail record : QR code < ปิดหน้าต่าง
LEADER : 00000nam 2200000uu 4500
001    13399121641
003     ULIB
008    121128s2549||||th 000 0 tha d
020    ^a9749993152
060 04 ^aWS141^bก449
245 00 ^aการซักประวัติและตรวจร่างกายในเด็ก /^cบรรณาธิการ, นวลจันทร์ปราบพาล ... [และคนอื่นๆ]
260    ^a[กรุงเทพฯ] :^bภาควิชากุมารเวชศาสตร์ คณะแพทยศาสตร์จุฬาลงกรณ์มหาวิทยาลัย,^c2549
300    ^aviii, 228 หน้า :^bภาพประกอบ ;^c27 ซม.
650  7 ^aการซักประวัติผู้ป่วย^xในวัยทารกและวัยเด็ก
650  7 ^aการตรวจร่างกาย^xในวัยทารกและวัยเด็ก
700 0  ^aนวลจันทร์ ปราบพาล,^eบรรณาธิการ
710 2  ^aจุฬาลงกรณ์มหาวิทยาลัย. ^bคณะแพทยศาสตร์.^bภาควิชากุมารเวชศาสตร์
945    ^p0^l0^i14522
945    ^p0^l0^i14523
945    ^p0^l0^i24734
945    ^p0^l0^i14166
995    ^aวิภา
999 ^a ใช้งานได้ทุกระบบ
รายการนี้ยังไม่มีแท็ก
คุณยังไม่ได้ล็อกอิน คุณสามารถมีกิจกรรมร่วมกับเว็บไซต์ได้ แต่ต้องล็อกอินก่อน ::
  ล็อกอิน

รายการสื่อสารสนเทศ

ลำดับที่ ประเภท เลขเรียก/บาร์โค้ด สถานที่ สถานะ
1. วิทยาศาสตร์การแพทย์ และสุขภาพ
วิทยาศาสตร์การแพทย์ และสุขภาพ
WS141 ก449  
  Barcode: 14522
ห้องสมุดวิทยาเขตสวรรค์ประชารักษ์
►หนังสือทั่วไป
บนชั้น
2. วิทยาศาสตร์การแพทย์ และสุขภาพ
วิทยาศาสตร์การแพทย์ และสุขภาพ
WS141 ก449 ฉ.2 
  Barcode: 14523
ห้องสมุดวิทยาเขตสวรรค์ประชารักษ์
►หนังสือทั่วไป
บนชั้น
3. วิทยาศาสตร์การแพทย์ และสุขภาพ
วิทยาศาสตร์การแพทย์ และสุขภาพ
WS141 ก449 ฉ.3 
  Barcode: 24734
ห้องสมุดวิทยาเขตสวรรค์ประชารักษ์
►หนังสือทั่วไป
บนชั้น
4. วิทยาศาสตร์การแพทย์ และสุขภาพ
วิทยาศาสตร์การแพทย์ และสุขภาพ
WS141 ก449 ฉ.4 
  Barcode: 14166
ห้องสมุดวิทยาเขตสวรรค์ประชารักษ์
►หนังสือทั่วไป
บนชั้น

BibComment


ยังไม่เคยถูกคอมเมนท์

คอมเมนท์ทรัพยากรรายการนี้
  คอมเมนท์: การซักประวัติและ..


 Copyright 2026. Bcnsprnw @Library